Random Geography by Letter - B - Statistics

General Stats
  • This quiz has been taken 171 times
  • The average score is 11 of 18
Answer Stats
Hint Answer % Correct
Ancient city located in present-day Iraq Babylon
100%
Capital of Azerbaijan Baku
100%
Indonesian island filled with resorts Bali
100%
Capital of Thailand Bangkok
100%
German state famous for Oktoberfest Bavaria
100%
Term for a Middle Eastern marketplace Bazaar
100%
Ipanema or Copacabana, for example Beach
100%
City once called Peking Beijing
100%
Capital of Lebanon Beirut
100%
Central American country Belize
100%
Mysterious area of the Atlantic: _______ Triangle Bermuda
100%
Clock tower in London Big Ben
100%
Forest of southwest Germany Black Forest
100%
Capital of Colombia Bogotá
100%
Former name of Mumbai Bombay
100%
Wine region in southwest France Bordeaux
100%
Politically joined with Herzegovina Bosnia
100%
Capital of Slovakia Bratislava
100%
Capital of Romania Bucharest
100%
Capital of Hungary Budapest
100%
Capital of Argentina Buenos Aires
100%
It borders Greece and Turkey Bulgaria
100%
Myanmar, by another name Burma
100%
Official language of Myanmar Burmese
100%
South American country with two capitals Bolivia
92%
Great _______ Reef Barrier
90%
Deepest lake in the world Baikal
89%
City divided by a wall until 1989 Berlin
86%
Country between Nigeria and Togo Benin
83%
Spanish city with a Guggenheim museum Bilbao
83%
Capital of Idaho Boise
83%
Nickname for the Mumbai film industry Bollywood
83%
Second largest city in Czech Republic Brno
83%
Capital of the EU Brussels
83%
Many of Asia's largest statues depict this guy Buddha
82%
Country just south of Rwanda Burundi
82%
Capital of Switzerland Bern
80%
Italian city or type of lunch meat Bologna
80%
City called "Bean Town" Boston
80%
The East Roman Empire Byzantine Empire
80%
North American country of over 700 islands Bahamas
78%
Second-biggest city in the UK Birmingham
78%
South American capital whose name is very similar to the name of its country Brasilia
78%
Woodwind musical instrument associated with Scotland Bagpipes
75%
Capital of Yugoslavia Belgrade
75%
Nickname of New York City Big Apple
75%
Historical region of the Czech Republic Bohemia
75%
Largest city in Connecticut Bridgeport
75%
Peninsula of Albania, Serbia, Greece, etc... Balkans
71%
Canada's first national park Banff
71%
Host of the 1992 Olympics Barcelona
71%
National animal of Russia Bear
71%
Capital of one of the Guineas Bissau
71%
Descendants of the Dutch settlers of South Africa Boers
71%
Island shared by three different countries Borneo
71%
Largest South American country Brazil
71%
Historical region of France that gave its name to a popular soft cheese Brie
71%
Sea bordering Sweden, Latvia, Poland, etc... Baltic Sea
70%
Capital of Iraq Baghdad
67%
Small island country near Saudi Arabia Bahrain
67%
Capital of Central African Republic Bangui
67%
Island politically joined with Antigua Barbuda
67%
Ethnic group of northeast Spain Basque
67%
English city called "Aquae Sulis" by the Romans Bath
67%
Ethnic group of Morocco and Algeria Berber
67%
Biggest city on Norway's west coast Bergen
67%
Strait that divides Russia and Alaska Bering
67%
Small Himalayan country Bhutan
67%
Kyrgyzstan capital; Ala-Too Square Bishkek
67%
Largest land animal native to the United States Bison
67%
Sea south of Ukraine Black Sea
67%
One of Nile's tributaries: ____ Nile Blue
67%
Moscow's famous ballet theater Bolshoi
67%
Strait that separates Europe and Asia at Istanbul Bosphorus
67%
Street in NYC famous for musical theater Broadway
67%
Belgian city with canals - a major commercial center in the Middle Ages Bruges
67%
Famous palace in London Buckingham Palace
67%
World's tallest building Burj Khalifa
67%
It lies just north of Manhattan Bronx
63%
Biggest city in Ulster Belfast
60%
Britain's highest mountain Ben Nevis
60%
Second largest city in North Macedonia Bitola
60%
Capital of Queensland Brisbane
60%
South Korea's second city Busan
60%
Monument in Germany's capital: __________ Gate Brandenburg
56%
Dijon is its capital Bourgogne- Franche-Comté
54%
National animal of the United States Bald Eagle
50%
Third largest city in India Bangalore
50%
National tree of Madagascar Baobab
50%
Caribbean island nation Barbados
50%
French prison stormed in 1789 Bastille
50%
Capital of Louisiana Baton Rouge
50%
Slow moving river or swamp found in Louisiana or nearby states Bayou
50%
"Last Dictatorship in Europe" Belarus
50%
One of the Low Countries Belgium
50%
Asian language with over 200 million native speakers Bengali
50%
Where Jesus was born Bethlehem
50%
Judicial capital of South Africa Bloemfontein
50%
Known as "El Libertador" he was, at times, the President of four different countries Bolívar
50%
Capital of West Germany Bonn
50%
Most of world's elephants in wild reside in this country Botswana
50%
Most populous country in New York Brooklyn
50%
Country formerly known as "Upper Volta" Burkina Faso
50%
Ivy League university Brown University
44%
Flagship campus of the University of California Berkeley
43%
Largest lake in Hungary Balaton
40%
Cuba's most popular sport Baseball
40%
Ritzy suburb with the most famous zip code in the U.S. Beverly Hills
40%
Ponte Vecchio and Pont Neuf, for example Bridge
40%
Biggest city on the Niger River Bamako
38%
Northernmost major city in Colombia; Shakira's home town Barranquilla
38%
Capital of North Dakota Bismarck
38%
This city in Italy's heel was the end point of the Appian Way Brindisi
38%
Rennes is its capital Brittany
36%
Canada's largest island Baffin
33%
Major peninsula of NW Mexico Baja California
33%
The largest city in Italy's heel Bari
33%
City that is home to the University of Colorado Boulder
33%
Capital of Congo Brazzaville
33%
Canadian province on the Pacific British Columbia
33%
Most recently independent country from the UK Brunei
33%
Called the "Media Capital of the World" due to its many TV and movie studios Burbank
30%
Politically joined with Württemberg Baden
29%
Dry terrain where canyons, ravines, and hoodoos are common Badlands
29%
Mallorca, Menorca, Ibiza, etc... Balearic Islands
29%
Once the second-biggest city in the U.S. Baltimore
29%
Major city that sits at the intersection of Switzerland, Germany, and France Basel
29%
Iraqi port often visited by Sinbad Basra
29%
Large river in East Asia leading to world's largest bay Brahmaputra
25%
Smallest German state by area Bremen
25%
German city that doesn't actually exist Bielefeld
20%
The realm of all living things Biosphere
20%
Staten Island or Manhattan, for example Borough
20%
Small city in the Ozark mountains that is famous for its musical theatres Branson
20%
Monument Valley feature Butte
20%
State animal of Wisconsin Badger
17%
Currency of Panama Balboa
17%
Largest bay in the world Bay of Bengal
17%
Bay west of France and north of Spain Bay of Biscay
17%
Indian state with Patna as its capital Bihar
17%
Name of the highest caste in Indian society Brahmin
17%
Currency of Thailand Baht
0%
75% of this country is less than 16 feet above sea level Bangladesh
0%
City near Acadia National Park Bar Harbor
0%
Usually considered to be the northernmost city in the United States Barrow
0%
Italian region Basilicata
0%
Capital of Guadeloupe Basse-Terre
0%
Largest city in Equatorial Guinea Bata
0%
Ceremonial guard of the Tower of London Beefeater
0%
Largest city in Kiribati Betio
0%
Highest mountain in the Alps Bianco
0%
Currency of Ethiopia Birr
0%
Buddhist temple in Central Java Borobudur
0%
Longest river entirely in Texas Brazos
0%
New York city or large mammal Buffalo
0%
No matching quizzes found
Score Distribution
Percent of People with Each Score
Percentile by Number Answered
Your Score History
You have not taken this quiz